Unit X : (Record no. 124033)

MARC details
000 -LEADER
campo de control de longitud fija 03637cam a2200553 i 4500
001 - NÚMERO DE CONTROL
campo de control 23824263
003 - IDENTIFICADOR DE NÚMERO DE CONTROL
campo de control BJBSDDR
005 - FECHA Y HORA DE LA ÚLTIMA TRANSACCIÓN
campo de control 20250728121419.0
006 - CÓDIGOS DE INFORMACIÓN DE LONGITUD FIJA--CARACTERÍSTICAS DEL MATERIAL ADICIONAL
campo de control de longitud fija a|||||r|||| 00| 0
007 - CAMPO FIJO DE DESCRIPCIÓN FÍSICA--INFORMACIÓN GENERAL
campo de control de longitud fija ta
008 - DATOS DE LONGITUD FIJA--INFORMACIÓN GENERAL
campo de control de longitud fija 240813s2024 nyua rb 001 0 eng d
010 ## - NÚMERO DE CONTROL DE LA BIBLIOTECA DEL CONGRESO
Número de control de LC 2024402855
020 ## - NÚMERO INTERNACIONAL ESTÁNDAR DEL LIBRO
Número Internacional Estándar del Libro 9781668031384 (hardcover)
020 ## - NÚMERO INTERNACIONAL ESTÁNDAR DEL LIBRO
Número Internacional Estándar del Libro 1668031388 (hardcover)
020 ## - NÚMERO INTERNACIONAL ESTÁNDAR DEL LIBRO
ISBN cancelado o inválido 9781668031438
Información calificativa (ebook)
035 ## - NÚMERO DE CONTROL DEL SISTEMA
Número de control de sistema 23824263
035 ## - NÚMERO DE CONTROL DEL SISTEMA
Número de control de sistema (OCoLC)1405188193
040 ## - FUENTE DE CATALOGACIÓN
Centro catalogador/agencia de origen YDX
Lengua de catalogación eng
Normas de descripción rda
Centro/agencia transcriptor YDX
Centro/agencia modificador BDX
-- GK8
-- OCLCO
-- DLC
-- DLC
041 ## - CÓDIGO DE IDIOMA
Código de lengua del texto/banda sonora o título independiente eng
042 ## - CÓDIGO DE AUTENTICACIÓN
Código de autenticación lccopycat
043 ## - CÓDIGO DE ÁREA GEOGRÁFICA
Código de área geográfica n-us---
050 14 - SIGNATURA TOPOGRÁFICA DE LA BIBLIOTECA DEL CONGRESO
Número de clasificación U 390
Número de ítem S525u 2024
082 04 - NÚMERO DE LA CLASIFICACIÓN DECIMAL DEWEY
Número de clasificación 355.07
100 1# - ENTRADA PRINCIPAL--NOMBRE DE PERSONA
Nombre de persona Shah, Raj M.,
Fechas asociadas al nombre 1984-
9 (RLIN) 42989
245 10 - MENCIÓN DEL TÍTULO
Título Unit X :
Resto del título how the Pentagon and Silicon Valley are transforming the future of war /
Mención de responsabilidad, etc. Raj M. Shah and Christopher Kirchhoff.
246 30 - FORMA VARIANTE DEL TITULO
Título propio/Titulo breve How the Pentagon and Silicon Valley are transforming the future of war
250 ## - MENCION DE EDICION
Mención de edición First Scribner hardcover edition.
264 #1 - PRODUCCIÓN, PUBLICACIÓN, DISTRIBUCIÓN, FABRICACIÓN Y COPYRIGHT
Producción, publicación, distribución, fabricación y copyright New York :
Nombre del de productor, editor, distribuidor, fabricante Scribner,
Fecha de producción, publicación, distribución, fabricación o copyright 2024.
300 ## - DESCRIPCIÓN FÍSICA
Extensión xiii, 319 pages, 8 unnumbered pages of plates :
Otras características físicas illustrations (chiefly color) ;
Dimensiones 24 cm
336 ## - TIPO DE CONTENIDO
Término de tipo de contenido text
Código de tipo de contenido txt
Fuente rdacontent
337 ## - TIPO DE MEDIO
Nombre/término del tipo de medio unmediated
Código del tipo de medio n
Fuente rdamedia
338 ## - TIPO DE SOPORTE
Nombre/término del tipo de soporte volume
Código del tipo de soporte nc
Fuente rdacarrier
504 ## - NOTA DE BIBLIOGRAFÍA, ETC.
Nota de bibliografía, etc. Includes bibliographical references (pages 255-265) and index.
505 0# - NOTA DE CONTENIDO CON FORMATO
Nota de contenido con formato Introduction: slow burn<br/>Unit X<br/>Zeroized<br/>The gonkulator<br/>A new kill chain for North Korea<br/>Unit X loses the X<br/>Washington and the rise of the machines<br/>Venture capital goes to war<br/>Ukraine and the battlefield of the future<br/>From steel to silicon
520 ## - RESUMEN, ETC.
Sumario, etc. "A riveting inside look at an elite unit within the Pentagon--the Defense Innovation Unit (DIU), also known as Unit X--whose mission is to bring Silicon Valley's cutting-edge technology to America's military: from the two men who launched the unit. Until recently, the Pentagon was known for its uncomfortable relationship with Silicon Valley and for slow-moving processes that acted as a brake on innovation. Unit X was specifically designed as a bridge to Valley technologists that would accelerate bringing state of the art software and hardware to the battle space. Given authority to cut through red tape and function almost as a venture capital firm, Shah, Kirchhoff, and others in the Unit who came after were tasked particularly with meeting immediate military needs with technology from Valley startups rather than from so-called "primes"--behemoth companies like Lockheed, Raytheon, and Boeing. Taking us inside AI labs, drone workshops, and battle command centers--and, also, overseas to Ukraine's frontlines--Shah and Kirchhoff paint a fascinating picture of what it takes to stay dominant in a fast-changing and often precarious geopolitical landscape" --
Fuente proveedora Goodreads.
610 10 - PUNTO DE ACCESO ADICIONAL DE MATERIA--NOMBRE DE ENTIDAD CORPORATIVA
Nombre de entidad corporativa o nombre de jurisdicción como elemento de entrada United States.
Unidad subordinada Defense Innovation Unit.
610 14 - PUNTO DE ACCESO ADICIONAL DE MATERIA--NOMBRE DE ENTIDAD CORPORATIVA
Nombre de entidad corporativa o nombre de jurisdicción como elemento de entrada Estados Unidos.
Unidad subordinada Unidad de Innovación de Defensa (DIU)
9 (RLIN) 43715
650 #0 - PUNTO DE ACCESO ADICIONAL DE MATERIA--TÉRMINO DE MATERIA
Término de materia o nombre geográfico como elemento de entrada Military art and science
Subdivisión general Technological innovations
Subdivisión geográfica United States.
650 #4 - PUNTO DE ACCESO ADICIONAL DE MATERIA--TÉRMINO DE MATERIA
Término de materia o nombre geográfico como elemento de entrada Arte y ciencia militar
Subdivisión general Innovaciones tecnológicas
Subdivisión geográfica Estados Unidos
9 (RLIN) 40293
650 #0 - PUNTO DE ACCESO ADICIONAL DE MATERIA--TÉRMINO DE MATERIA
Término de materia o nombre geográfico como elemento de entrada Military-industrial complex
Subdivisión geográfica United States.
650 #4 - PUNTO DE ACCESO ADICIONAL DE MATERIA--TÉRMINO DE MATERIA
Término de materia o nombre geográfico como elemento de entrada Complejos militares industriales
Subdivisión geográfica Estados Unidos
9 (RLIN) 41903
650 #0 - PUNTO DE ACCESO ADICIONAL DE MATERIA--TÉRMINO DE MATERIA
Término de materia o nombre geográfico como elemento de entrada Defense industries
Subdivisión general Technological innovations
Subdivisión geográfica United States.
650 #4 - PUNTO DE ACCESO ADICIONAL DE MATERIA--TÉRMINO DE MATERIA
Término de materia o nombre geográfico como elemento de entrada Industrias de defensa
Subdivisión general Innovaciones tecnológicas
Subdivisión geográfica Estados Unidos
9 (RLIN) 43716
700 1# - ENTRADA AGREGADA--NOMBRE PERSONAL
Nombre de persona Kirchhoff, Christopher,
Fechas asociadas al nombre 1979-
9 (RLIN) 42990
906 ## - ELEMENTOS DE DATOS F LOCAL, LDF (RLIN)
a 7
b cbc
c copycat
d 2
e ncip
f 20
g y-gencatlg
942 ## - ELEMENTOS DE ENTRADA SECUNDARIOS (KOHA)
Fuente del sistema de clasificación o colocación Clasificación de Library of Congress
Tipo de ítem Koha Libro
946 ## - PROCESAMIENTO DE INFORMACIÓN LOCAL (OCLC)
Iniciales del agente catalogador LLH
Holdings
Estatus retirado Estado de pérdida Fuente del sistema de clasificación o colocación Estado de daño No para préstamo Colección Biblioteca de origen Biblioteca actual Ubicación en estantería Fecha de adquisición Signatura topográfica completa Código de barras Visto por última vez Copia número Tipo de ítem Koha
    Clasificación de Library of Congress     Recursos Regionales Biblioteca Juan Bosch Biblioteca Juan Bosch Recursos Regionales (2do. Piso) 30/06/2025 U 390 S525u 2024 00000191300 30/06/2025 1 Libro